Historia de la cultura griega (Registro nro. 87088)

Detalles MARC
000 -ENCABEZADO
Número de control [NR] 00783nam a22002417a 4500
005 - FECHA Y HORA DE LA ÚLTIMA TRANSACCIÓN
control field 20240527100910.0
008 - DE LONGITUD FIJA DE DATOS DE ELEMENTOS - INFORMACIÓN GENERAL
Elementos de longitud fija [NR] 130821s1947 sp gr spa
040 ## - FUENTE DE CATALOGACION [NR]
Agencia de catalogación original [NR] Co-BoUCM
Idioma de catalogación [NR] spa
Quien Cataloga David Moreno (modificó)
Quien Clasifica David Moreno (modificó)
041 00 - CODIGO DE IDIOMA [R]
Código de idioma para texto/pista de sonido o título separado [R] Español
100 1# - ASIENTO PRINCIPAL--NOMBRE PERSONAL [NR]
Nombre personal [NR] Burckhardt, Jacob
ID Autoridad 45796
245 10 - MENCION DE TITULO [NR]
Título [NR] Historia de la cultura griega
Mención de responsabilidad, etc. [NR] Jacob Burckhardt
260 ## - PUBLICACION, DISTRIBUCION, ETC. (PIE DE IMPRENTA) [R]
Lugar de publicación, distribución, etc. [R] Barcelona (España)
Nombre del editor, distribuidor, etc. [R] Iberia
Fecha de publicación, distribución, etc. [R] 1947
300 ## - DESCRIPCION FISICA [R]
Extensión [R] 3 volúmenes
490 ## - MENCION DE SERIE [R]
Mención de serie [R] Obras Maestras
500 ## - NOTA GENERAL [R]
Nota general [NR] Incluye índice al final de cada volumen
650 04 - ASIENTO SECUNDARIO DE MATERIA - TERMINO TEMATICO [R]
Término temático o nombre geográfico como elemento de entrada [NR] Arte griego
9 (RLIN) 9487
650 04 - ASIENTO SECUNDARIO DE MATERIA - TERMINO TEMATICO [R]
Término temático o nombre geográfico como elemento de entrada [NR] Filosofía griega
9 (RLIN) 15815
650 04 - ASIENTO SECUNDARIO DE MATERIA - TERMINO TEMATICO [R]
Término temático o nombre geográfico como elemento de entrada [NR] Historia
9 (RLIN) 7695
650 04 - ASIENTO SECUNDARIO DE MATERIA - TERMINO TEMATICO [R]
Término temático o nombre geográfico como elemento de entrada [NR] Religión
9 (RLIN) 23497
651 ## - ASIENTO SECUNDARIO DE MATERIA - NOMBRE GEOGRAFICO [R]
Nombre geográfico [NR] Grecia antigua
9 (RLIN) 26628
942 ## - ELEMENTOS DE ENTRADA AGREGADOS (KOHA)
Tipo de ítem principal el descrito en 300a Libro
Tema principal Historia
Edición 1
Parte restante de la signatura top. B87
Título oculto en OPAC No
Sistema de clasificación DEWEY
Clasificación 938
Existencias
Fecha de último préstamo Total préstamos Signatura topográfica Código de barras Última vez visto Volúmen / Fascículo Ejemplar Costo de reposición Price effective from Tipo de ítem Nota pública (OPAC) Perdido Sistema de clasificación Dañado No prestable Tipo de ítem específico Suprimido Ubicación habitual Ubicación actual Localización Fecha de creación Forma de adquisición
02/04/2009 1 938 B87 120002918 12/07/2012 1947 V.2 Ej.1 26000.00 03/02/2013 Libro     DEWEY     Fondos especiales     Archivo Histórico Archivo histórico 28/02/2003 Donación
02/04/2009 1 938 B87 120002917 12/07/2012 1947 V.1 Ej.1 26000.00 03/02/2013 Libro     DEWEY     Fondos especiales     Archivo Histórico Archivo histórico 28/02/2003 Donación
    938 B87 120002920 12/07/2012 1947 V.4 Ej.1 26000.00 03/02/2013 Libro     DEWEY     Fondos especiales   Bodega Bodega Préstamo 4 días después de solicitado 28/02/2003 Donación
    938 B87 120002921 12/07/2012 1947 V.5 Ej.1 26000.00 03/02/2013 Libro     DEWEY     Fondos especiales   Bodega Bodega Préstamo 4 días después de solicitado 28/02/2003 Donación
02/04/2009 1 938 B87 120002919 04/12/2025 1947 V.3 Ej.1 26000.00 03/02/2013 Libro Galería de donantes - José Vicente Castro Silva   DEWEY     Fondos especiales   Claustro Claustro 3er piso 28/02/2003 Donación